| 000 | 00543nam a2200193Ia 4500 | ||
|---|---|---|---|
| 005 | 20250326141636.0 | ||
| 008 | 250326s9999 xx 000 0 und d | ||
| 037 | _aTextbook | ||
| 040 |
_aFMSL _beng _cFMSL |
||
| 041 |
_aeng _2eng |
||
| 084 |
_aX:89A M5 _qFMSL |
||
| 100 |
_aWheelwarigh S C _9744819 |
||
| 245 | 0 |
_aForecasting methods for management _cWheelwarigh S C; Makridakis S |
|
| 250 | _a4 | ||
| 260 |
_aNew York _bNew York, Johan Wiley _c1985 |
||
| 300 | _a421p | ||
| 942 |
_cTB _hX:89A M5 |
||
| 999 |
_c1291272 _d1291272 |
||